=LDR 00000nam 2200000 4500 =001 INLIS000000000050698 =005 20170515112800 =035 ##$$a 0010-0517000351 =007 ta =008 170515###########################0###### =020 ##$$a 978-602-1298-63-3 =082 ##$$a 713 =084 ##$$a 713 KEJ a =100 #$$a Kejora, Kirana =245 1#$$a Ayah : $b Menyayangi Tampa Akhir /$c Kirana Kejora =260 ##$$a Jakarta :$b Zettu =300 ##$$a 372 hlm. ; $c 20, 5 cm. =650 ##$$a NOVEL =990 ##$$a 84208420 =990 ##$$a 84208420 =990 ##$$a 1292312923 =990 ##$$a 01201712923 =990 ##$$a 02201708420 =990 ##$$a 02201708421 =990 ##$$a 17021702